00735nam a2200217Ia 4500003000900000008004100009020002200050040001600072080001900088100002400107245005400131260003900185300002300224650003100247650002900278650003000307700002400337942000700361999001700368952013200385IN-BaIIA211028s9999 xx 000 0 eng d a978-81-843-1705-3 cIIA Library a621.337.1bBAK aBakshi, U. A935939 0aControl engineeringcU.A. Bakshi and V. U. Bakshi aPunebTechnical Publicationsc2012 a[various pagings.] aClosed loop systems935940 aOpen loop systems935941 aTransfer functions935942 aBakshi, V. U935943 cBK c18785d18785 00104070aBANbBANcGENd2013-09-05eANJ g425.00l0o621.337.1/ BAKp19707r2021-11-05v425.00w2013-09-05yBKGRs. 425.00